Регионална библиотека "Любен Каравелов" - Русе

Изцеляващите мудри (Запис номер 68743)

MARC детайли
000 -Лидер
Контролно поле с фиксирана дължина 01962nam a2200433 c 4500
003 - Код на организацията, давaща контролен номер
Контролно поле BLK
005 - Дата и час на последна редакция
Контролно поле 20180420223627.0
008 - Елементи от данни с фиксирана дължина
fixed length control field 180408b bul|||||r ||||||| ||bul||
010 ## - Наследен системен номер
LC control number KNG00073072000
020 ## - Международен стандартен номер на книга ISBN
Международен стандартен номер на книга ISBN 954-9994-37-6
-- издат.: Дилок
040 ## - Източник на каталожния запис
Идентификатор на билиотеката - собственик на записа BLK
041 ## - Код за език
Код за езика на текст/звукозапис или на отделно заглавие Български
Код за езика КДБФ Български
072 #7 - Код за тематичната категория
Код организация bullib
Код за тематична категория Л09
Текст Лечебна гимнастика, йога, цигун, мудри, каланетика и др.
080 ## - УДК
Текстов определител УДК Други видове терапия. Биоенерготерапия.
УДК код - определител по УДК 615.85
УДК определител (035)
УДК - код + определител 615.85(035)
080 ## - УДК
Текстов определител УДК Лечебна физкултура. Гимнастика на йогите. Даоистки техники за самолечение
УДК код - определител по УДК 615.825.1
УДК определител (035)
УДК - код + определител 615.825.1(035)
080 ## - УДК
Текстов определител УДК Йога
УДК код - определител по УДК 294.527
УДК определител (035)
УДК - код + определител 294.527(035)
100 1# - Редна дума - Автор
Автор Шувалова, Олга Петровна
Авторска отговорност първи автор
R(LIN) 144215
139 ## - Редно поле
Редна дума Шувалова, Олга
Авторски знак Шу - Ш 96
245 10 - Сведения за заглавието
Заглавие Изцеляващите мудри
Подзаглавни данни Учебник по биоенергетика І-ва степен
Редно поле (дума) Олга Петровна Шувалова; прев. от рус. Лора Бранева.
257 ## - Страна на издаване
Страна на създаване/издаване Русия
260 ## - Област на издателските данни
-- с. Божурище, Софийско
Име на издателя, разпространителя и проч. Дилок
Година на издаване 2005
Печатница София : Изток-Запад
300 ## - Физическа характеристика
Страници 110 с.
Илюстрации и др. с ил.
Размери/Мащаб 20 см
380 ## - Жанр
Жанр Медицина
500 ## - Общи забележки
Забележка Ориг. загл. Исцеляющие мудры / О. Шувалова
650 #4 - Допълнително описание по предмет – тема
Основно описание – тема или топоним Биоенерготерапия
9 (RLIN) 148661
650 #4 - Допълнително описание по предмет – тема
Основно описание – тема или топоним Йога - гимнастика
9 (RLIN) 250532
650 #4 - Допълнително описание по предмет – тема
Основно описание – тема или топоним Йога - наръчници и ръководства
9 (RLIN) 250531
653 ## - Ключова дума – ненормативна
Ключова дума биотерапия
653 ## - Ключова дума – ненормативна
Ключова дума лечебна гимнастика
653 ## - Ключова дума – ненормативна
Ключова дума йога
653 ## - Ключова дума – ненормативна
Ключова дума мудри
659 ## - Тематичен бюлетин
Тематичен бюлетин Л
700 1# - Други автори (авторска отговорност)
Лично име Бранева, Лора
Автороска отговорност (Описва отношението между автора и произведението) прев. от рус.
9 (RLIN) 42905
852 ## - Местоположение
Форматна сигнатура Цб 232460
856 4# - Електронен адрес и достъп
Електронен формат pdf - файл
Път до файла /url/
856 4# - Електронен адрес и достъп
Електронен формат pdf - файл
Път до файла /url/
942 ## - АРТИКУЛИ
Вид на библиотечния материал Книги
Скрит в OPAC Не
944 ## - СЪЗДАВАНЕ И РЕДАКЦИЯ на ЗАПИСА
Създаване/Редакция Създаване
Дата на регистрацията/редакция 16.03.2007
Служител, извършил регистрацията/редакцията Ирена_Линкова
944 ## - СЪЗДАВАНЕ И РЕДАКЦИЯ на ЗАПИСА
Създаване/Редакция Редакция
Дата на регистрацията/редакция 15.11.2011
Служител, извършил регистрацията/редакцията
999 ## - СИСТЕМНИ КОНТРОЛНИ НОМЕРА
Koha biblionumber 68743
Koha biblioitemnumber 68743
Наличности
Код за отписване Код за изгубен артикул Код за повреда Коз за рестрикции Код за отдаване Артикулен № Име на библиотеката - собственик Име на библиотеката, в която се намира в момента Статус (Текущо местоположение) Дата на вписване в системата Местоположение - отдел Цена в лева Инвентарен номер Систематично азбучна сигнатура Баркод Номер на екземпляра Цена в евро Служебна бележка Служебен тип на артикула
  Не е изгубен Не е повреден без рестрикции ползва се в читалня 112921 Регионална библиотека "Любен Каравелов" Русе Регионална библиотека "Любен Каравелов" Русе Хранилище 2007-03-17 Хранилище 5.50 120000711365 Цб 232460 120000711365 1 2.81 Дост: Dp Вид: Д N: 30 Дата: 28.06.2006 Книги
Vip Innovations Ltd, Rousse, Bulgaria 2025